[Event "Beersheba"]
[Site "Beersheba"]
[Date "1996.??.??"]
[Round "9"]
[White "Vydeslaver, Alik"]
[Black "Greenfeld, Alon"]
[Result "0-1"]
[WhiteElo "2480"]
[BlackElo "2560"]
[Annotator "Avrukh,B"]
[PlyCount "112"]
[EventDate "1996.03.??"]
[EventType "tourn"]
[EventRounds "11"]
[EventCountry "ISR"]
[EventCategory "10"]
[SourceTitle "CBM 053"]
[Source "ChessBase"]
[SourceDate "1996.08.01"]
[SourceVersion "1"]
[SourceVersionDate "1996.08.01"]
[SourceQuality "1"]

1. e4 {Petursson} c5 2. Nf3 d6 3. d4 cxd4 4. Nxd4 Nf6 5. Nc3 Nc6 6. Bg5 e6 7.
Qd2 a6 8. O-O-O h6 9. Be3 Be7 10. f4 Nxd4 11. Bxd4 b5 12. Qe3 $5 Bb7 $6 (12...
Qc7 $32) 13. Bxf6 gxf6 14. Kb1 Qc7 (14... Qa5 15. Bd3 b4 16. Ne2 Qc5 (16... d5
17. exd5 Bxd5 18. c4 $1 bxc3 19. Nxc3 Bxg2 20. Rhe1 $44 {Shmuter,L-Avrukh,B/
ISR/1996/1:0/35/}) 17. Nd4 h5 18. Qe2 a5 19. Bb5+ Kf8 20. Bc4 $14 {Adams,
M-Greenfeld,A/Ljubljana/1995/0,5/50/}) 15. Bd3 O-O-O 16. f5 (16. a3 $5) 16...
Qc5 $2 (16... b4 17. Ne2 (17. Na4 Bc6 18. Bxa6+ (18. Nb6+ Kb7 19. Nc4 d5 $132)
18... Kb8 19. b3 $1 (19. Nb6 $2 Qa7 20. Bd3 d5 $17) (19. Rd4 d5 $44)) 17... Qc5
18. Qf3 e5 19. c3 d5 20. Rc1 Kb8 21. Ng3 $14) 17. Qh3 Qe5 $8 18. fxe6 fxe6 19.
a4 $1 (19. Nd5 $6 Rde8 (19... Bxd5 20. exd5 Qxd5 21. Rhe1 $18) 20. Rhf1 Bd8 21.
Nf4 Rh7 $13) 19... Bc6 $2 (19... b4 20. Nd5 Rh7 21. Nxb4 $16) (19... bxa4 20.
Nxa4 (20. Nd5 $2 Rhe8 21. Nb6+ Kc7 22. Nc4 Qc5 23. Qxe6 d5 24. exd5 Qxd5 $44)
20... Kc7 21. Qe3 Qa5 22. Nc3 $16) 20. axb5 Bd7 (20... axb5 $2 21. Bxb5 Bxb5
22. Rd5 $18) 21. bxa6 (21. Qe3 axb5 22. Qb6 Qc5 23. Qa6+ Kb8 24. Bxb5 Bc8 25.
Qa4 $16) (21. Bc4 $5) (21. Rhe1 $5) 21... Kc7 22. Qe3 (22. Qg3 $5 Qa5 (22...
Qxg3 23. hxg3 $16) 23. Qg7 Rhe8 24. Ne2 {/\Nd4+/-/}) 22... Ra8 23. Bc4 $6 (23.
Ne2 Rhb8 24. Qd4 $16) 23... Rhb8 24. Qd4 Qa5 25. Ne2 $2 (25. Rd3 $1 Rb4 26. Na2
Rxa6 (26... Ra4 27. b4 $1) 27. Qc3 $1 $18) 25... Bb5 $2 (25... Rb4 $1 26. Qc3
Kd8 {/\Rc8->/}) 26. Bxb5 (26. Rd3 Qxa6 27. Ra3 Qxa3 $1 28. bxa3 Bxc4+ 29. Kc1
Bxe2 $17) (26. Nf4 $2 Qxa6 27. Nxe6+ Kc8 $19) 26... Qxb5 (26... Rxb5 $2 27.
Qc4+ Kd7 28. Nd4 $18) 27. Nf4 $2 (27. Rd3 $2 Qxa6 $19) (27. a7 $1 Rb7 28. c4 $1
Qb4 (28... Qa5 29. Nc3 $18) 29. Qc3 Raxa7 30. Qxb4 Rxb4 31. Nd4 Kd7 32. b3 $1
$16) 27... Kd7 28. Nd3 Rc8 $1 $17 (28... Rxa6 29. Nc5+ $18) 29. a7 (29. c3 Rc4
30. Qe3 Rxc3 $17) 29... Rc4 30. Qe3 Qa5 31. c3 (31. Kc1 f5 $1 {/\Bg5-+/}) 31...
Rxa7 32. Nb4 (32. Kc2 Rac7 $40) 32... Rxb4 $1 33. cxb4 Qa2+ 34. Kc2 f5 $1 (
34... Rc7+ 35. Kd3 $2 Qc4+ 36. Kd2 Qc2+ (36... Qxb4+ {Petursson} 37. Ke2 Qxb2+
38. Rd2 Qe5 $44) 37. Ke1 Qxg2 38. Rg1 $13) 35. h4 $8 (35. Qd4 {Petursson} Rc7+
36. Kd3 Qa6+ 37. Ke3 Rc4 $17) 35... Rc7+ 36. Kd3 Qc4+ 37. Kd2 Qc2+ 38. Ke1 Qxg2
39. Rh3 $8 f4 $2 {(.)/} (39... Rc4 $1 40. Qa7+ Ke8 $19) 40. Qd3 (40. Qf3 $2
Bxh4+ $19) 40... f3 41. Qb5+ $2 (41. Qf1 f2+ 42. Kd2 Qxe4 43. Qb5+ Kd8 44. Rc3
$13) 41... Kc8 42. Qa6+ $2 (42. Qf1 f2+ 43. Kd2 Qxe4 44. Qa6+ Kd8 45. Rc3 Qxb4
$17) 42... Kd8 $19 43. Qa8+ (43. Rxd6+ Ke8 $19) 43... Kd7 44. Qa4+ Rc6 45. Qa7+
Rc7 46. Qa4+ Rc6 47. Qa7+ Ke8 48. Qa8+ Kf7 49. Rxf3+ Qxf3 50. Qxc6 Bxh4+ 51.
Kd2 Bg5+ 52. Ke1 Qe3+ 53. Kf1 Qf3+ 54. Ke1 Qh1+ 55. Ke2 Qg2+ 56. Kd3 Qf3+ 0-1

[Event "Beersheba"]
[Site "Beersheba"]
[Date "1996.??.??"]
[Round "4"]
[White "Shmuter, Leonid"]
[Black "Vydeslaver, Alik"]
[Result "1/2-1/2"]
[WhiteElo "2490"]
[BlackElo "2480"]
[Annotator "Avrukh,B"]
[PlyCount "38"]
[EventDate "1996.03.??"]
[EventType "tourn"]
[EventRounds "11"]
[EventCountry "ISR"]
[EventCategory "10"]
[SourceTitle "CBM 053"]
[Source "ChessBase"]
[SourceDate "1996.08.01"]
[SourceVersion "1"]
[SourceVersionDate "1996.08.01"]
[SourceQuality "1"]

1. e4 c5 2. Nf3 d6 3. d4 cxd4 4. Nxd4 Nf6 5. Nc3 Nc6 6. Bg5 e6 7. Qd2 a6 8.
O-O-O h6 9. Be3 Be7 10. f4 Nxd4 11. Bxd4 b5 12. Bd3 Bb7 13. Kb1 (13. Rhe1 $5)
13... b4 $5 {N/} (13... O-O 14. Qe2 (14. Rhe1 $5) 14... b4 15. Na4 Nd7 16. b3
Bc6 17. Nb2 e5 18. Be3 a5 19. Bc1 Nc5 20. fxe5 dxe5 21. Bb5 $2 Bxb5 22. Qxb5
Nxe4 23. Na4 Qe8 $1 $17 {Timoshenko,G-Rechlis,G/Berlin/1995/}) 14. Na4 (14. Ne2
$32 $14 {Palac,M-Vydeslaver,A/Paris/1996/}) 14... Bc6 (14... Nxe4 $2 15. Qxb4
$16) (14... O-O $5) 15. Qxb4 $6 (15. Nb6 Rb8 16. Nc4 O-O (16... Nxe4 17. Qe2 (
17. Bxe4 $2 Bxe4 18. Bxg7 Rg8 $17) 17... Nf6 (17... Nc5 18. Bxc5 dxc5 19. f5
$36) 18. Bxf6 Bxf6 19. f5 $1 $16) 17. Rhe1 (17. e5 dxe5 18. Nxe5 Bb5 $13) 17...
Nxe4 18. Bxe4 Bxe4 19. Rxe4 d5 20. Re3 $6 dxc4 21. Qe2 Qc8 22. f5 $2 (22. Qg4
$10) 22... Bg5 23. f6 Bxe3 24. Qxe3 Rd8 $1 $17 {Shmuter,L-Greenfeld,A/Rishon
le Zion/1996/}) 15... Rb8 16. Qc4 (16. Bb6 $2 Qd7 $19) (16. Nb6 $2 Nd7 $19) (
16. Qa3 Qa5 $19) 16... Bb5 17. Qb3 Bc6 18. Qc4 Bb5 19. Qb3 Bc6 (19... Bd7 $5
20. Nb6 (20. Qc4 d5 21. exd5 exd5 22. Qxa6 Ra8) 20... O-O 21. e5 $6 (21. Bxa6
$32 Nxe4 22. a4 Bc6 $44) 21... dxe5 22. fxe5 Nd5 23. Nxd5 Rxb3 24. Nxe7+ Qxe7
25. axb3 $15) 1/2-1/2

[Event "Lost Boys op"]
[Site "Antwerp"]
[Date "1997.08.10"]
[Round "9"]
[White "Nijboer, Friso"]
[Black "Avrukh, Boris"]
[Result "0-1"]
[WhiteElo "2605"]
[BlackElo "2550"]
[Annotator "Avrukh,B"]
[PlyCount "62"]
[EventDate "1997.08.02"]
[EventType "swiss"]
[EventRounds "9"]
[EventCountry "BEL"]
[SourceTitle "CBM 059 Extra"]
[Source "ChessBase"]
[SourceDate "1997.09.26"]
[SourceVersion "1"]
[SourceVersionDate "1997.09.26"]
[SourceQuality "1"]

1. e4 c5 2. Nf3 Nc6 3. d4 cxd4 4. Nxd4 Nf6 5. Nc3 d6 6. Bg5 e6 7. Qd2 a6 8.
O-O-O h6 9. Be3 Be7 10. f4 Nxd4 11. Bxd4 b5 12. Be2 b4 (12... Bb7 13. Bf3 b4
14. Bxf6 gxf6 (14... Bxf6 15. Ne2 Qa5 16. a3 $16) 15. Ne2 Qb6 16. f5 e5 17. Kb1
Rc8 18. Ng3 a5 19. Rhe1 a4 20. Re3 Rc5 21. Rd3 h5 $1 $13 {1/2-1/2 Zude,
A-Siegel,G/Karlsruhe 1997 (44)}) 13. Na4 Rb8 $5 $146 (13... Nxe4 14. Qe3 d5 (
14... Nf6 15. Bf3 Rb8 (15... d5 16. Kb1 O-O 17. Nb6 (17. g4 Ne8 18. h4 Nd6 19.
f5 Bf6 20. Bxf6 Qxf6 21. Qf4 Nc4 22. g5 Qe5 $11 {1/2-1/2 Timman,J-Svidler,P/
Groningen 1996 (34)}) 17... Rb8 18. g4 Ne8 (18... Bd6 19. g5 hxg5 20. fxg5 Nd7
21. Nxc8 Rxc8 22. g6 $16) 19. h4 Nd6 20. f5 Nb5 21. Bxg7 Kxg7 (21... Nc3+ 22.
bxc3 Qxb6 23. Qxb6 Rxb6 24. Bxf8 bxc3+ 25. Ka1 Kxf8 26. Rb1 $16) 22. Qe5+ Kg8
23. fxe6 (23. Qxb8 $2 Bd6 24. Qxc8 Qxb6 25. Qd7 Rd8 $19) 23... Qxb6 24. exf7+
Rxf7 25. Bxd5 Nc3+ 26. bxc3 bxc3+ 27. Bb3 Be6 28. g5 $40 {1-0 Palac-Relange/
Grand-Prix CCAS, 6ème ronde 1996 (41)}) 16. Ba7 Bd7 (16... Rb5 $5 17. Bb6 Qd7
18. Nc5 Nd5 19. Rxd5 Qc6 20. Nxe6 Bxe6 21. Rxb5 Qxb5 22. Bd4 O-O 23. Kb1 Rc8
24. Be4 a5 25. Qd3 Qxd3 26. Bxd3 Bf6 {1/2-1/2 Jaracz,P-Khasin,A/Piatka Open,
Swidnica POL 1997}) 17. Nb6 Bb5 18. h4 $1 (18. Kb1 O-O 19. f5 Qc7 20. Bxb8 Rxb8
21. Na8 Qd8 22. Qa7 d5 23. Nc7 Bc6 24. fxe6 Rb7 25. Nxd5 Rxa7 26. Nxf6+ Bxf6
27. Rxd8+ Bxd8 28. exf7+ Kxf7 29. Bxc6 Bf6 $11 {1/2-1/2 Psakhis,L-Greenfeld,A/
Haifa 1996 (39)}) 18... O-O 19. f5 Qc7 20. Bxb8 Rxb8 21. Na8 Qd8 22. fxe6 Rxa8
23. exf7+ Kxf7 (23... Kf8 24. g4 Rc8 25. g5 Qc7 26. Rd2 Nh7 27. gxh6 Bf6 28.
Qe4 $18 {1-0 Timoshenko,G-Groszpeter,A/Berliner Sommer sp 1996 (43)}) 24. Bxa8
Qxa8 25. Rhe1 Bf8 26. g4 Qc8 27. g5 Ng4 28. Qf3+ $2 (28. Qf4+ $142 Kg8 29. gxh6
Nxh6 30. Qxb4 $16) 28... Kg8 29. Rg1 h5 $13 {1-0 Sutovskij,E-Greenfeld,A/Haifa
1996 (36)}) 15. Bd3 Nf6 16. Nb6 Rb8 17. Nxc8 Qxc8 18. g4 Qc6 19. g5 hxg5 20.
fxg5 Ne4 21. Bxe4 (21. h4 $1 $40) 21... dxe4 22. Bxg7 Rc8 23. Kb1 Qxc2+ 24. Ka1
Rxh2 $19 {0-1 Van Den Doel Erik-Chernyshov Konstantin/It (open), Dresden 
(Germany) 1995 (30)}) 14. Qe3 (14. e5 Nd5 (14... Ne4 15. Qe3 d5 16. Bd3 (16.
Ba7 Rb7 17. Bb6 Qd7 18. Nc5 Bxc5 19. Bxc5 Qa4 20. Kb1 Rc7 21. b3 Nc3+ (21...
Qa3 22. Bd4 $13) (21... Qc6 22. Bxb4 Qxc2+ 23. Ka1 $16) 22. Qxc3 bxc3 23. bxa4
Rxc5 $15) (16. Nc5 $2 {Nijboer.} Bxc5 $1 17. Bxc5 Qa5 $17) 16... Qa5 (16... Qc7
17. Bxe4 dxe4 18. Bc5 $16 (18. Nc5)) 17. b3 Bd7 (17... Nc3 18. Nxc3 bxc3 19.
Kb1 $16 {[%csl Gc3]} (19. Bxc3 Qxa2 $36)) 18. Bb6 Rxb6 19. Qxb6 Qxb6 20. Nxb6
Nf2 21. Bxa6 Nxh1 22. Rxh1 Bc5 23. Nxd7 Kxd7 24. Kb1 $14) 15. Bf3 Nxf4 $6 16.
h4 $16) 14... Qc7 {[%csl Ga4][%cal Gc8d7,Ge6e5]} 15. Kb1 Bd7 16. Nb6 $2 (16. b3
$142 Bxa4 17. bxa4 O-O {[%cal Ge6e5]} (17... Qc6 18. Bd3 Qxa4 19. g4 $40) 18.
Bxa6 Ra8 19. Bb5 Rfc8 20. Rd2 d5 $36) 16... e5 17. fxe5 dxe5 18. Nxd7 (18. Qg3
Nxe4 (18... Rxb6 19. Bxb6 Qxb6 20. Qxg7 (20. Qxe5 Be6 $17) 20... Rg8 (20... Rh7
21. Qg3) 21. Qxh6 Qa5 22. Bf3 Be6 23. b3) 19. Bxe5 (19. Qxg7 Bf6 20. Nd5 Qxc2+
21. Kxc2 Bxg7 $17) 19... Qxb6 20. Qxg7 Bf6 $17) 18... Nxd7 19. Qg3 (19. Ba7 Ra8
20. Rxd7 Qxd7 21. Bc5 O-O $19) 19... Rc8 $1 20. Bxa6 Qxc2+ 21. Ka1 exd4 (21...
Ra8 22. Bb7) 22. Bxc8 Qxc8 23. Qxg7 Bf6 24. Qg3 (24. Qg4 Qa6) 24... Be5 25. Qb3
Qb7 $1 26. Rhf1 O-O 27. Rf5 Bg7 {[%cal Gd7e5]} (27... Qxe4 28. Rdf1 Nf6 29.
Qxb4 Nd5 $17) 28. Rd5 Qc6 $1 {[%cal Gf8c8,Gd7b6]} 29. Qxb4 $6 $138 d3 $1 $19 {
[%csl Rb2]} 30. Rb1 Rb8 31. Qa3 (31. Qd2 Qc2 $19) (31. Qe1 Nc5 $1 {with
desicive attack.}) 31... Rxb2 0-1

[Event "RUS-chT 03rd"]
[Site "Kazan"]
[Date "1995.??.??"]
[Round "4"]
[White "Nevostrujev, Vladimir"]
[Black "Makarov, Marat"]
[Result "0-1"]
[WhiteElo "2410"]
[BlackElo "2520"]
[Annotator "Baburin,A"]
[PlyCount "90"]
[EventDate "1995.??.??"]
[EventType "team-tourn"]
[EventRounds "9"]
[EventCountry "RUS"]
[SourceTitle "CBM 051"]
[Source "ChessBase"]
[SourceDate "1996.04.01"]
[SourceVersion "1"]
[SourceVersionDate "1996.04.01"]
[SourceQuality "1"]
[WhiteTeam "Kemerovo SDYuShOR Politekhnik"]
[BlackTeam "Novosibirsk New Siberia"]
[WhiteTeamCountry "RUS"]
[BlackTeamCountry "RUS"]

1. e4 c5 2. Nf3 Nc6 3. d4 cxd4 4. Nxd4 Nf6 5. Nc3 d6 6. Bg5 e6 7. Qd2 a6 8.
O-O-O h6 9. Be3 Be7 10. f3 Nxd4 11. Bxd4 b5 12. Kb1 Rb8 13. Qf2 {It seems that
moves like 13.g4 or 13.h4 should be more promising here.} Qa5 14. h4 b4 15. Ne2
e5 16. Ba7 Rb7 17. Nc1 Be6 18. Nb3 (18. g4 d5 19. Nb3 Qc7 20. Bc5 d4 21. Bxe7
Kxe7 22. Bh3 g5 {Dolmatov-Greenfeld,A, Haifa, 1995.}) 18... Qc7 19. Be3 a5 20.
Ba6 a4 21. Nc1 Rb8 22. Ba7 (22. g4 Nd7 23. b3 {Hjartarson-Serper, Lucerne,
1993.}) 22... Ra8 23. Bb5+ Nd7 24. Bb6 Qb7 25. Nd3 Rb8 26. Bxd7+ Bxd7 27. Ba5
b3 {Yet another example of starting your own attack first, in cases of
castling on opposite wings. The b3-pawn is like a nail in White's position.}
28. cxb3 axb3 29. a3 O-O 30. Nb4 Be6 31. Nd5 Rfc8 32. Bc3 Rc5 33. Nb4 f5 34.
Qe2 Rf8 35. g3 Bc4 36. Qe3 fxe4 37. fxe4 Qc8 38. Nd3 Rc7 39. Ba5 Rc6 40. Nb4
Rc5 41. Bb6 Rb5 42. Rc1 Rxb4 43. axb4 Qa6 44. Ba5 Bd3+ 45. Ka1 Qb5 0-1

[Event "YUG-chT"]
[Site "Igalo"]
[Date "1994.??.??"]
[Round "4"]
[White "Beliavsky, Alexander G"]
[Black "Nevednichy, Vladislav"]
[Result "0-1"]
[WhiteElo "2640"]
[BlackElo "2470"]
[Annotator "Belov,I"]
[PlyCount "76"]
[EventDate "1994.??.??"]
[EventType "team"]
[EventRounds "9"]
[EventCountry "YUG"]
[SourceTitle "EXT 2000"]
[Source "ChessBase"]
[SourceDate "1999.11.16"]
[SourceVersion "1"]
[SourceVersionDate "1999.11.16"]
[SourceQuality "1"]

1. e4 c5 2. Nf3 d6 3. d4 cxd4 4. Nxd4 Nf6 5. Nc3 Nc6 6. Bg5 e6 7. Qd2 a6 8.
O-O-O h6 9. Be3 Qc7 (9... Bd7 $5) (9... Be7 $5) 10. f4 (10. f3 Rb8 11. Kb1 Be7
12. g4 (12. Bd3 Nxd4 13. Bxd4 b5 14. Qf2 e5 15. Ba7 Rb7 16. Be3 Be6 $10 {
Oll,L-Shirov,A/Wijk aan Zee/1993/1993/1:0 (40)}) 12... Ne5 13. h4 b5 14. Bd3
Nfd7 15. g5 Nb6 16. Qg2 h5 $13 {Timoshenko,G-Nevednichy,V/Bukharest/1:0 (35)})
10... Bd7 11. Bd3 Na5 $5 (11... b5 12. Bxb5 $5 (12. Kb1 Na5 13. Rhf1 Nc4 14.
Bxc4 Qxc4 15. Qd3 $10 {Hjartarson,J-Lanka,Z/BRD/1994/1:0 (51)}) 12... axb5 13.
Ndxb5 Qb8 14. Nxd6+ Bxd6 15. Qxd6 Qxd6 16. Rxd6 $14 {Yudasin,L-Greenfeld,A/
Haifa/1993/1:0 (42)}) 12. Nf3 (12. Kb1 b5 13. Rhf1 Nc4 $10) 12... b5 13. e5 b4
$8 14. Ne2 (14. Ne4 Nxe4 15. Bxe4 d5 16. Bd3 b3 17. a3 $13) 14... Nd5 15. Kb1
Nc4 16. Bxc4 Qxc4 17. Bd4 a5 $10 18. Rhe1 (18. b3 Qc7 19. c4 bxc3 20. Nxc3
Nxc3+ 21. Bxc3 d5 22. Rc1 Qb7 $13) 18... a4 19. Rc1 $6 (19. exd6 $142 f6 20. f5
Kf7 (20... e5 $2 21. Bxe5) 21. Ng3 Bxd6 22. Ne4 Be7 $13) 19... f6 20. exf6 (20.
Ng3 dxe5 21. fxe5 f5) 20... gxf6 21. Ng3 Kf7 $15 22. Re4 Qb5 23. a3 $6 (23. c4
bxc3 24. Bxc3 Nxc3+ 25. Qxc3 d5 26. Nd4 Qb7 27. Re2 Bb4 28. Qf3 $132) 23... Rb8
(23... bxa3 24. c4 $18) 24. axb4 Qxb4 25. Qxb4 Nxb4 (25... Rxb4 $5) 26. Re2 Be7
27. Rd2 Bc6 $17 28. Re1 Rb7 29. Ne4 $6 Rhb8 30. Ka1 Nd5 31. g3 $6 (31. f5 $142
exf5 32. Nc3 $17) 31... f5 $19 32. Nc5 (32. Nc3 Nxf4 33. gxf4 Bxf3 $19) 32...
dxc5 33. Ne5+ Kf8 34. Nxc6 cxd4 35. Rxe6 (35. Nxb8 Rxb8 36. Rxe6 a3 37. b3 Bb4
$19) 35... Rxb2 36. Nxb8 Rxb8 37. Rxd4 Nc3 38. Re1 Ba3 {/\ 39...Bb2#} 0-1

[Event "St Petersburg zt"]
[Site "St Petersburg"]
[Date "1993.??.??"]
[Round "1"]
[White "Dvoirys, Semen I"]
[Black "Kiselev, Sergey"]
[Result "1-0"]
[WhiteElo "2565"]
[BlackElo "2510"]
[Annotator "Belov,I"]
[PlyCount "155"]
[EventDate "1993.01.??"]
[EventType "swiss"]
[EventRounds "9"]
[EventCountry "RUS"]
[SourceTitle "CBM 034"]
[Source "ChessBase"]
[SourceDate "1993.06.01"]
[SourceVersion "1"]
[SourceVersionDate "1993.06.01"]
[SourceQuality "1"]

1. e4 c5 2. Nf3 Nc6 3. d4 cxd4 4. Nxd4 Nf6 5. Nc3 d6 6. Bg5 e6 7. Qd2 a6 8.
O-O-O h6 9. Be3 Be7 10. f4 Nxd4 (10... Bd7 11. Kb1 (11. Bd3 b5 12. Kb1 O-O 13.
h3 Nxd4 14. Bxd4 Bc6 15. Qe3 {Yudasin,L-Oll,L/Pamplona/1991-92/} b4 16. Ne2 Nd7
17. Qg3 e5 $1 {Yudasin,Oll}) 11... b5 12. Bd3 O-O 13. Rhe1 Qc7 $1 14. h3 Na5
15. Qf2 Nc4 16. Bc1 b4 17. Nce2 a5 $132 {Ehlvest,J-Ivanchuk,V/Terrasa/1991/})
11. Bxd4 b5 12. Bd3 Bb7 13. Rhe1 (13. Rde1 e5 $6 14. fxe5 Ng4 15. Qe2 Nxe5 16.
Nd5 O-O 17. Kb1 Rc8 18. Rhf1 $1 $14 {Waitzkin-Levitina/New York/1991/}) 13...
O-O 14. Kb1 Bc6 $5 (14... b4 $5) 15. e5 $5 dxe5 16. fxe5 Nd5 (16... Nd7 17. Ne4
$36) 17. Ne4 Nb4 18. Nf6+ Kh8 (18... gxf6 19. Qxh6 f5 (19... Nxd3 20. exf6) 20.
Re3 Bh4 21. Rh3 $18) 19. Re3 $3 Bxf6 (19... Qxd4 20. Rh3 Bxf6 21. Rxh6+ $18)
20. exf6 (20. Qxb4 Be7) 20... Qxd4 21. fxg7+ Kxg7 (21... Qxg7 22. Rg3 $18) 22.
Rg3+ Kf6 23. Qxh6+ Ke7 24. Qg5+ Ke8 25. c3 Qd5 (25... Qd6 26. cxb4 Qxb4 27. Bc2
$36) 26. cxb4 Qxg5 27. Rxg5 $16 Rh8 28. h3 Rd8 29. Bc2 Ke7 30. Rxd8 Rxd8 31.
Kc1 Rd4 32. a3 Rf4 33. g3 Rf2 (33... Rf1+ 34. Kd2 Rf2+ 35. Kd1 Bf3+ 36. Kc1 Kd6
(36... Rf1+ 37. Kd2 Rf2+ 38. Kc3)) 34. Rc5 Kd6 35. h4 e5 36. Kd1 Bd5 (36...
Bf3+ 37. Ke1 Rg2 38. Rc3 e4 39. h5 f5) 37. Ke1 Rg2 38. Rc3 e4 39. Kf1 Rh2 (
39... Rd2) 40. Kg1 Rd2 41. h5 e3 42. h6 Bc4 43. h7 e2 44. Re3 Rd1+ 45. Kg2 e1=Q
46. Rxe1 Rxe1 47. h8=Q Re2+ 48. Kf3 Rxc2 49. Qb8+ Kc6 50. Qa7 Rxb2 51. Qxa6+
Kd5 52. Qa8+ Kd6 53. Qd8+ Ke6 54. Qb6+ Ke5 55. Qe3+ Kd6 56. Qc5+ (56. Qd4+ Bd5+
) 56... Ke6 57. Kf4 Ra2 58. Qc6+ Ke7 59. Qa6 Rf2+ 60. Kg5 Ra2 61. g4 Kd7 62.
Qa7+ Kd6 63. Kf6 Kc6 64. Qe3 Kd6 65. Qg3+ Kc6 66. Ke7 Re2+ 67. Kd8 Rd2+ 68. Kc8
Be6+ 69. Kb8 Rd8+ 70. Ka7 Rd7+ 71. Ka6 Rd8 72. Qc3+ Bc4 73. Qf3+ Bd5 74. Qf6+
Rd6 75. Qe7 Rg6 (75... Rd7 76. Qc5#) 76. Qc5+ Kd7+ 77. Ka7 Bc6 78. g5 1-0

[Event "Munich SKA"]
[Site "Munich"]
[Date "1991.05.17"]
[Round "12"]
[White "Nunn, John DM"]
[Black "Lobron, Eric"]
[Result "1-0"]
[WhiteElo "2600"]
[BlackElo "2545"]
[Annotator "Blatny,P"]
[PlyCount "51"]
[EventDate "1991.05.04"]
[EventType "tourn"]
[EventRounds "13"]
[EventCountry "GER"]
[EventCategory "14"]
[SourceTitle "CBM 023"]
[Source "ChessBase"]
[SourceDate "1991.08.01"]
[SourceVersion "1"]
[SourceVersionDate "1991.08.01"]
[SourceQuality "1"]

1. e4 c5 2. Nf3 d6 3. d4 cxd4 4. Nxd4 Nf6 5. Nc3 Nc6 6. Bg5 e6 7. Qd2 a6 8.
O-O-O h6 (8... Qb6 $5 9. Nb3 Be7 10. Kb1 Qc7 11. f4 b5 12. Bxf6 gxf6 13. g3 Bd7
14. Bg2 O-O-O 15. Ne2 Kb8 16. Rhf1 Qb6 17. Ned4 Rc8 18. Qe2 h5 19. e5 $1 $36 {
Soares-Gramajo,corr 1989}) 9. Be3 Nxd4 10. Bxd4 (10. Qxd4 $5 Bd7 $1 (10... Ng4
$2 11. e5 {/\11...Ne5 12.Ne4->}) 11. Be2 Qc7 12. f4 Rc8 13. Rd2 (13. e5 $2 dxe5
14. fxe5 Nd5 $1 $15) 13... e5 14. Qd3 Qa5 15. Kb1 Rxc3 $1 16. bxc3 (16. Qxc3
$142 Qxc3 17. bxc3 Nxe4 18. Rd3 Bb5 19. Bf3 $1 exf4 20. Bxe4 Bxd3 21. cxd3 fxe3
22. Bxb7 a5 $10) 16... Be6 17. c4 b5 $1 18. c3 bxc4 19. Qc2 d5 20. Bf3 d4 21.
cxd4 Bb4 22. fxe5 O-O 23. exf6 Rb8 $19 {Novotny-Slovak,CSFR corr 1989-90})
10... b5 11. f4 Bb7 12. Qe3 Qc7 13. Bb6 Qc6 14. Nd5 Rc8 15. Nxf6+ gxf6 16. Bd3
Rg8 17. g3 d5 18. Rhe1 Be7 19. Qf2 dxe4 20. Bxe4 Qxe4 21. Rxe4 Bxe4 22. c3 f5
23. Ba5 Bf8 24. Qa7 Bc6 25. Bb6 (25. Qxa6 Bd7 26. Qb7 $18) 25... f6 26. Bc5 1-0